| 000 | 01220nam a2200289 a 4500 | ||
|---|---|---|---|
| 001 | BRCA_2488 | ||
| 005 | 20190320203831.0 | ||
| 008 | 211108s1844----sp-#---###---#000-0#spa-u | ||
| 041 | _aspa | ||
| 044 | _asp | ||
| 084 |
_a127 _b.M45 _c1844 |
||
| 100 | 1 |
_aCervantes Saavedra, Miguel de _d1547-1616 _9213 |
|
| 245 | 1 | 0 |
_aEl Ingenioso Hidalgo Don Quijote de la Mancha _ccompuesto por Miguel de Cervantes Saavedra. |
| 260 |
_aMadrid _bD. Francisco de P. Mellado _c1844 |
||
| 300 |
_a2 v. _c17 cm. |
||
| 440 | 0 |
_aBiblioteca popular _97181 |
|
| 500 | _aContenido : v 1. Primera parte. Dedicatoria del autor. Prólogo del autor. Texto. -- v 2. Segunda parte. Dedicatoria del autor. Prólogo del autor. Texto | ||
| 500 | _aEdición similar al LO-126. Se distingue de ella en que carece de láminas. Piel; lomeras decoradas con adornos dorados Lúdovik Osterc | ||
| 500 | _aQMB4 | ||
| 650 | 1 | 4 |
_aNovela española _yÉpoca clásica, 1500-1700 _9215 |
| 650 | 1 | 4 |
_aLiteratura española _yÉpoca clásica, 1500-1700 _9216 |
| 650 | 1 | 4 |
_aNovela española _ySiglo XVII _9217 |
| 650 | 1 | 4 |
_aDon Quijote (Personaje ficticio) _eNovela _9218 |
| 740 | 0 | _aEl Ingenioso Hidalgo Don Quijote de la Mancha | |
| 902 | _aQFM | ||
| 942 |
_2lcc _cB |
||
| 999 |
_c2229 _d2229 |
||